000 00871nam a22003257a 4500
001 BR2010004170
003 BR-BrBNA
005 20230928103536.0
007 ta
008 230509b bl.||||| |||| 00| 0 por d
040 _aBR-BrBNA
_bpor
_cBiblioteca Nacional de Agricultura
041 _a(Por)
072 _aL01
_b7110
090 _ 7110 BR2010004170
100 1 _aPereira, F. de M.
100 1 _aLopes, M.T. do R.
100 1 _aSouza, B.A.
100 1 _aVieira Neto, J.M.
110 1 _aEMBRAPA Meio-Norte, Teresina, PI (Brasil)
245 1 _aAbelhas sem ferrão: transferência de ninhos para colmeias racionais
260 3 _aTeresina, PI (Brasil):
_c2010.
300 _a12 p.
500 _a14 illus
650 _aABELHA
650 _aCRIAÇÃO
650 _aNINHO
650 _aCOLMÉIA
909 _a202309
_bLucia
_c55
_dLucia Elande
942 _cBK
999 _c75538
_d75538